000 00354nam a2200145Ia 4500
008 230312s9999||||xx |||||||||||||| ||und||
020 _a0-8031-2606-9
082 _a720.288
_bSIC-A
100 _aSickels;Lauren
245 0 _aArchitectural Conservation
260 _bNational galery
_aUSA
_c1999
300 _a245
650 _aArchitecture
942 _cBK
999 _c12096
_d12096